Normal view
MARC view
- Jordan, Robert,
Entry Personal Name
001 - CONTROL NUMBER
- control field: 10868
003 - CONTROL NUMBER IDENTIFIER
- control field: NUST
005 - DATE AND TIME OF LATEST TRANSACTION
- control field: 20180604063524.0
008 - FIXED-LENGTH DATA ELEMENTS
- fixed length control field: 180604|| aca||aabn | a|a d
040 ## - CATALOGING SOURCE
- Original cataloging agency: NUST
- Transcribing agency: NUST
100 ## - HEADING--PERSONAL NAME
- Personal name: Jordan, Robert,
- Dates associated with a name: 1948-2007.
- Title of a work: Wheel of time ;
- Form subdivision: bk. 8.
670 ## - SOURCE DATA FOUND
- Source citation: Work cat.: (NUST)48121: Jordan, Robert, 1948-2007. 10866, The path of daggers /, 1998.
